000
00306nam a22001217a 4500
008
180214b xxu||||| |||| 00| 0 eng d
041
_a
eng
080
_a
54
100
_a
12
101
_a
KIM
245
_a
METHODS OF ANALYSIS ASSOCIATION OF OFFICIAL ANALYTICAL CHMISTS
_c
WILLIAM.H
942
_2
udc
_c
BK
999
_c
42539
_d
42539